logo

Bir Sreshtho Munshi Abdur Rouf Library
Jhenaidah Cadet College

Crisis in Kashmir 1947 to 1966 / (Record no. 9195)

MARC details
000 -LEADER
fixed length control field 00765nam a2200253 a 4500
001 - CONTROL NUMBER
JCCL Control Number 9195
003 - CONTROL NUMBER IDENTIFIER
JCCL marc code BD-JhCC
005 - DATE AND TIME OF LATEST TRANSACTION
control field 20180319192850.0
008 - FIXED-LENGTH DATA ELEMENTS--GENERAL INFORMATION
fixed length control field 920918s1991 ii c b 000 0 eng
020 ## - INTERNATIONAL STANDARD BOOK NUMBER
Terms of availability Rs300.00
035 ## - SYSTEM CONTROL NUMBER
system control number (BD-JhCC)9195
040 ## - CATALOGING SOURCE
Original cataloging agency DLC
Transcribing agency DLC
Modifying agency DLC
-- BD-JhCC
041 ## - LANGUAGE CODE
Language code of Book eng
050 00 - LIBRARY OF CONGRESS CALL NUMBER
Classification number DS485.K27
Item number K379 1991
082 ## - DEWEY DECIMAL CLASSIFICATION NUMBER
Author mark and Year LAM 1991
Classification number 327.540549
100 1# - MAIN ENTRY--PERSONAL NAME
Personal name Lamb, Alastair
245 10 - TITLE STATEMENT
Title Crisis in Kashmir 1947 to 1966 /
Statement of responsibility, etc Alastair Lamb
260 ## - PUBLICATION, DISTRIBUTION, ETC. (IMPRINT)
Place of publication, distribution, etc Srinagar :
Name of publisher, distributor, etc Suman Publications ;
Place of publication, distribution, etc New Delhi :
Name of publisher, distributor, etc Sole distributors, Migrants,
Date of publication, distribution, etc 1991.
300 ## - PHYSICAL DESCRIPTION
Pagination 330 p. :
Other physical details ports. ;
Dimensions 22 cm.
504 ## - BIBLIOGRAPHY, ETC. NOTE
Bibliography, etc Includes bibliographical references.
651 #0 - SUBJECT ADDED ENTRY--GEOGRAPHIC NAME
Geographic name Jammu and Kashmir (India)
General subdivision Politics and government.
942 ## - ADDED ENTRY ELEMENTS (KOHA)
Source of classification or shelving scheme Dewey Decimal Classification
Koha item type Books
Holdings
Source of classification or shelving scheme Damaged status Not for loan Home library Current library Shelving location Total Checkouts Full call number Barcode Date last seen Copy number Koha item type
Dewey Decimal Classification     JCC Rouf Library JCC Rouf Library General Stacks   327.540549 KAU 1991 12270 03/10/2018 C - 1 Books

JCC Library | Contacts | JCC Home

Last Update on 23 September 2017
Copyright @ 2017-2020 JCC Rouf Library
Rouf Library, Jhenidah Cadet College (JCC), Bangladesh